Vergütungsordnung für Seelsorgsaushilfen - Änderung, 12.06.2017

Saved in:  
Bibliographic Details
Corporate Author: Katholische Kirche. VerfasserIn 2002-2022 : Schick (Author)
Format: Print Article
Language:German
Check availability: HBZ Gateway
Interlibrary Loan:Interlibrary Loan for the Fachinformationsdienste (Specialized Information Services in Germany)
Published: 2017
In: Amtsblatt für die Erzdiözese Bamberg / A
Year: 2017, Volume: 140, Pages: 212
IxTheo Classification:SB Catholic Church law
Further subjects:B Temporary employee
B Church work
B Norm

MARC

LEADER 00000caa a22000002c 4500
001 176363065X
003 DE-627
005 20220510161208.0
007 tu
008 210719s2017 xx ||||| 00| ||ger c
035 |a (DE-627)176363065X 
035 |a (DE-599)KXP176363065X 
040 |a DE-627  |b ger  |c DE-627  |e rakwb 
041 |a ger 
084 |a 1  |2 ssgn 
110 2 |e VerfasserIn  |0 (DE-588)1193760801  |0 (DE-627)1672848687  |4 aut  |a Katholische Kirche  |b Erzdiözese Bamberg  |b Erzbischof  |g 2002-2022 : Schick 
245 1 0 |a Vergütungsordnung für Seelsorgsaushilfen - Änderung, 12.06.2017 
264 1 |c 2017 
336 |a Text  |b txt  |2 rdacontent 
337 |a ohne Hilfsmittel zu benutzen  |b n  |2 rdamedia 
338 |a Band  |b nc  |2 rdacarrier 
650 0 7 |0 (DE-588)4003718-6  |0 (DE-627)106388746  |0 (DE-576)208852603  |a Aushilfskraft  |2 gnd 
650 0 7 |0 (DE-588)4054151-4  |0 (DE-627)106163728  |0 (DE-576)209107650  |a Seelsorge  |2 gnd 
652 |a SB 
655 4 |a Norm  |7 (dpeaa)DE-Tue135-3 
773 0 8 |i Enthalten in  |a Katholische Kirche. Erzdiözese Bamberg  |t Amtsblatt für die Erzdiözese Bamberg / A  |d Bamberg : Erzbischöfl. Ordinariat, 1947  |g 140(2017), Seite 212  |w (DE-627)167359401  |w (DE-600)506034-5  |w (DE-576)015655377  |x 0003-2328  |7 nnas 
773 1 8 |g volume:140  |g year:2017  |g pages:212 
935 |a DAKR 
951 |a AR 
CAN |a 1 
ELC |b 1 
LOK |0 000 xxxxxcx a22 zn 4500 
LOK |0 001 3955922960 
LOK |0 003 DE-627 
LOK |0 004 176363065X 
LOK |0 005 20210719144753 
LOK |0 008 210719||||||||||||||||ger||||||| 
LOK |0 035   |a (DE-Tue135-3)DAKAR1_52351 
LOK |0 040   |a DE-Tue135-3  |c DE-627  |d DE-Tue135-3 
LOK |0 092   |o n 
LOK |0 852   |a DE-Tue135-3 
LOK |0 852 1  |9 00 
LOK |0 935   |a msmi 
LOK |0 936ln  |0 1442053313  |a SB 
LOK |0 939   |a 19-07-21  |b l01 
ORI |a SA-MARC-ixtheoa001.raw 
STA 0 0 |a Church work,Temporary employee 
STB 0 0 |a Ministère pastoral,Travailleur temporaire 
STC 0 0 |a Ayudante temporal,Pastoral 
STD 0 0 |a Lavoratore temporaneo,Pastorale,Cura d'anime,Cura d'anime 
STE 0 0 |a 心灵关顾,心灵治疗 
STF 0 0 |a 心靈關顧,心靈治療 
STG 0 0 |a Ajudante temporário,Pastoral 
STH 0 0 |a Временный сотрудник,Психологическая помощь священника,Душепопечение 
STI 0 0 |a Προσωρινός εργαζόμενος,Φροντίδα για τη σωτηρία της ψυχής,Ποιμαντική φροντίδα 
SUB |a CAN 
SYE 0 0 |a Aushilfe , Pastoraler Dienst